000
002840000a22000970004500
100
1
_a
Bonilla A., Plutarco
245
1
0
_a
Pues no. Ni en inglés ni en castellano, sino en griego
300
_a
Vol. 54, Núm 241 (1999), Páginas 17-20
773
0
_t
La Biblia de las Américas
942
_c
ANA
999
_c
51530
_d
51530